Дело об избрании четырёх лекторов в цензурный комитет при Московском университете

Доступно только в Электронных читальных залах Найти на картеНа карте
RUSMARC
00004793nmc2a2200000 x 450
00170eab2ed-8cea-4592-aa3a-5d409e50ed6f
00520171114185801.0
100##$a20151215l18101817k l0rusy0189 ca
1010#$arus
102##$aRU
2001#$aДело об избрании четырёх лекторов в цензурный комитет при Московском университете
$j19 августа 1810 г. - 26 сентября 1817 г.
251##$cДело
300##$aДело
300##$aОриг. заголовок дела: Дело по предписанию министра просвещения об избрании четырёх лекторов в цензурный комитет при Императорском Московском университете, а именно: профессоров Двигубского, Черепанова, Цветаева и Котельницкого. Тут же о разделении чтений рукописи на всех ординарных и экстраординарных профессоров университета: по содержанию предмета, к отделению каждого из них относящихся, не распространяя на адъюнктов и магистров. 19 августа 1810 г. - 26 сентября 1817 г
801#0$aRU
$bРГИА
$c20151215
$gRCR
801#1$aRU
$bГлавНИВЦ
$c20151215
$2rusmarc
801#2$aRU
$bПБ им. Б.Н. Ельцина
$c20171114
$gRCR
$2rusmarc
850##$aРГИА
852##$aРГИА
$eФедеральное казенное учреждение "Российский государственный исторический архив" (РГИА)
$j150
937##$hРГИА
$d12186659
$aASBIBLIO_SCAN
462#0$1001a72b6b5a-b506-4d67-873a-f622b4f5e56d
$12001
$aДела Департамента народного просвещения по цензурной части
$1251
$cОпись
$1852
$j118
461#0$1001a74412a3-3cc5-4d21-8f0a-dfe2fbd9e72d
$12001
$aДепартамент народного просвещения Министерства народного просвещения (1803-1917)
$1251
$cФонд
$1852
$j733
215##$a10 л.
$d36,5х26 см
371##$aДокумент не является опубликованным и широко распространяемым
5171#$aДело по предписанию министра просвещения об избрании четырёх лекторов в цензурный комитет при Императорском Московском университете, а именно: профессоров Двигубского, Черепанова, Цветаева и Котельницкого. Тут же о разделении чтений рукописи на всех ординарных и экстраординарных профессоров университета: по содержанию предмета, к отделению каждого из них относящихся, не распространяя на адъюнктов и магистров. 19 августа 1810 г. - 26 сентября 1817 г
105##$ay###
1222#$ad
035##$a70eab2ed-8cea-4592-aa3a-5d409e50ed6f
856##$uhttp://readingroom.main.prlib.ru/item.aspx?id_node=n109004753&mode=full
Формат отображения